A. WESLEY POWELL LEARNING RESOURCE CENTRE (WPLRC)

Wonderful Place to Learn, Research & Collaborate

English for academic purposes 1988: student manual / (Record no. 20318)

MARC details
000 -LEADER
fixed length control field 00501nam a22001817a 4500
003 - CONTROL NUMBER IDENTIFIER
control field OSt
005 - DATE AND TIME OF LATEST TRANSACTION
control field 20250220145038.0
008 - FIXED-LENGTH DATA ELEMENTS--GENERAL INFORMATION
fixed length control field 250220b |||||||| |||| 00| 0 eng d
020 ## - INTERNATIONAL STANDARD BOOK NUMBER
International Standard Book Number 000000
040 ## - CATALOGING SOURCE
Transcribing agency DDC
082 ## - DEWEY DECIMAL CLASSIFICATION NUMBER
Classification number 428.076
100 ## - MAIN ENTRY--PERSONAL NAME
Relator code Lalla, Barbara
245 ## - TITLE STATEMENT
Title English for academic purposes 1988: student manual /
Statement of responsibility, etc. Barbara, Lalla and Liris Armstrong
260 ## - PUBLICATION, DISTRIBUTION, ETC. (IMPRINT)
Place of publication, distribution, etc. Kingston,Jamaica
Name of publisher, distributor, etc. []
Date of publication, distribution, etc. 1988
300 ## - PHYSICAL DESCRIPTION
Extent 256p.
Other physical details Illustrated
Dimensions 27 cm
700 ## - ADDED ENTRY--PERSONAL NAME
Relator code Armstrong, Liris
942 ## - ADDED ENTRY ELEMENTS (KOHA)
Source of classification or shelving scheme Dewey Decimal Classification
Koha item type Books
Holdings
Withdrawn status Lost status Source of classification or shelving scheme Damaged status Not for loan Home library Current library Date acquired Total Checkouts Full call number Barcode Date last seen Price effective from Koha item type
    Dewey Decimal Classification     Wesley Powell Learning Resource Centre Wesley Powell Learning Resource Centre 02/20/2025   CR/428.076 LAL 43269 02/20/2025 02/20/2025 Books
    Dewey Decimal Classification     Wesley Powell Learning Resource Centre Wesley Powell Learning Resource Centre 02/20/2025   CR/428.076 LAL 43270 02/20/2025 02/20/2025 Books
    Dewey Decimal Classification     Wesley Powell Learning Resource Centre Wesley Powell Learning Resource Centre 02/20/2025   CR/428.076 LAL 43271 02/20/2025 02/20/2025 Books